| 000 | 01493nam a2200337 a 4500 | ||
|---|---|---|---|
| 003 | CO-PeBPR | ||
| 005 | 20260504102246.0 | ||
| 008 | 260415e2024 ck a|||| n||| 00| 0 spa c | ||
| 020 | _a9789580027843 | ||
| 040 | 0 |
_aCO-PeBPR _bspa _cCO-PeBPR _erda |
|
| 041 | 0 | _hspa | |
| 082 | 0 | 4 | _a(i) 394.26 A282c |
| 100 | 1 |
_aAgudelo Montoya, Carlos _eautor |
|
| 245 | 1 | 0 |
_aColombia es una fiesta _c/ Carlos Agudelo Montoya ; ilustraciones de Yein Lucy Barreto Pulido |
| 250 | _aEdición especial | ||
| 264 | 1 |
_aBogotá, Colombia _b: Educativa _c, 2024 |
|
| 300 |
_a86 páginas _b: ilustraciones a color _c; 24 centímetros |
||
| 336 |
_atexto _btxt _crdacontenido |
||
| 337 |
_asin mediación _bn _2rdamedio |
||
| 338 |
_avolumen _bnc _2rdasoporte |
||
| 490 | _aPlan Nacional de Lectura, Escritura y Oralidad / Ministerio de las Culturas, las Artes y los Saberes. | ||
| 500 | _aIncluye índice. | ||
| 504 | _aIncluye bibliografía. | ||
| 520 | _aMuchas manifestaciones nutren el patrimonio de un país, que se va perpetuando en el tiempo gracias al relevo de nuevas generaciones. Este libro recoge las fiestas más emblemáticas de Colombia, que resguardan tradiciones muy antiguas llenas de música y color. Tomado de la contracubierta del libro. | ||
| 521 | _aRecomendado para 7 a 12 años. | ||
| 650 | 1 | 4 |
_2LEMB _aFolclor _zColombia |
| 650 | 1 | 4 |
_2LEMB _aFiestas populares _zColombia |
| 650 | 1 | 4 |
_2LEMB _aCultura _zColombia |
| 700 | 1 |
_aBarreto Pulido, Yein Lucy _eilustradora |
|
| 942 |
_2ddc _cBKINF |
||
| 999 |
_c17851 _d17851 |
||